Los verbos pseudo-copulativos de cambio en español : (Record no. 200467)

MARC details
000 -CABECERA
campo de control de longitud fija 00794nam a2200229 a 4500
005 - FECHA Y HORA DE LA ÚLTIMA TRANSACCIÓN
campo de control 20210223133722.0
008 - ELEMENTOS DE LONGITUD FIJA--INFORMACIÓN GENERAL
campo de control de longitud fija 190115s2017 mx r 000 0 spa d
020 ## - NÚMERO INTERNACIONAL NORMALIZADO PARA LIBROS
Número Internacional Estándar del Libro 9788484899754 (Iberoamericana)
020 ## - NÚMERO INTERNACIONAL NORMALIZADO PARA LIBROS
Número Internacional Estándar del Libro 9783954875115 ( Vervuert)
035 ## - NÚMERO DE CONTROL DEL SISTEMA
Número de control de sistema UPN01000228372
049 ## - COLECCIÓN
Colección CG
050 #4 - SIGNATURA TOPOGRÁFICA DE LA BIBLIOTECA DEL CONGRESO
Número de clasificación PC4271
Número de documento/Ítem G6.9
100 1# - ASIENTO PRINCIPAL--NOMBRE PERSONAL
Nombre de persona Gorp, Lise van
9 (RLIN) 42441
245 14 - MENCIÓN DE TÍTULO
Título Los verbos pseudo-copulativos de cambio en español :
Resto del título estudio semántico-conceptual de hacerse, volverse, ponerse, quedarse /
Mención de responsabilidad, etc. Lise van Gorp.
260 ## - PUBLICACIÓN, DISTRIBUCIÓN, ETC.
Lugar de publicación, distribución, etc. Madrid :
Nombre del editor, distribuidor, etc. Iberoamericana :
-- Vevuert,
Fecha de publicación, distribución, etc. c2017.
300 ## - DESCRIPCIÓN FÍSICA
Extensión 438 p. :
Otras características físicas il., tablas, gráfs.
440 #0 - MENCIÓN DE SERIE/ASIENTO SECUNDARIO--TÍTULO
Título Lingüística iberoamericana ;
Designación de volumen o secuencia 62
650 #4 - ASIENTO SECUNDARIO DE MATERIA - TERMINO TEMATICO
Término de materia o nombre geográfico como elemento de entrada ESPAÑOL -
Subdivisión general VERBO
9 (RLIN) 16131
650 #4 - ASIENTO SECUNDARIO DE MATERIA - TERMINO TEMATICO
Término de materia o nombre geográfico como elemento de entrada ESPAÑOL -
Subdivisión general SEMANTICA
9 (RLIN) 15641
905 ## - TIPO DE MATERIAL
Tipo de material Libro
Holdings
Estado de retiro Estado de pérdida Fuente del sistema de clasificación o colocación Estado dañado No para préstamo Código de colección Localización permanente Ubicación/localización actual Ubicación en estantería Total de préstamos Clasificación Código de barras Fecha visto por última vez Número de copia Tipo de ítem Koha
    Library of Congress Classification     Colección General Bib. Gregorio Torres Quintero Bib. Gregorio Torres Quintero Planta baja   PC4271 G6.9 328227 31/12/2020 1 Libro
    Library of Congress Classification     Colección General Bib. Gregorio Torres Quintero Bib. Gregorio Torres Quintero Planta baja   PC4271 G6.9 328226 31/12/2020 1 Libro